Largest Cities in the Southeast - Statistics

General Stats
  • This quiz has been taken 36 times
  • The average score is 9 of 10
Answer Stats
Population Answer % Correct
486,290 Atlanta
100%
463,347 Miami
100%
385,430 Tampa
100%
892,062 Jacksonville
96%
667,560 Nashville
96%
393,292 New Orleans
96%
652,236 Memphis
93%
464,758 Raleigh
89%
859,035 Charlotte
85%
621,349 Louisville
74%
No matching quizzes found
Score Distribution
Percent of People with Each Score
Percentile by Number Answered
Your Score History
You have not taken this quiz